Trồng trọt đại cương

Quyển giáo trình giới thiệu đại cương về cây trồng, khí hậu, đất trồng trọt, phân bón. Hệ thống cây trồng và luân canh, các cách chọn giống và phương pháp gieo trồng, phòng trừ dịch hại cây trồng...

Fuld beskrivelse

Đã lưu trong:
Bibliografiske detaljer
Hovedforfatter: Hà, Thị Thanh Bình
Format: Bog
Sprog:Undetermined
Udgivet: Hà Nội Nông nghiệp 2002
Fag:
Tags: Tilføj Tag
Ingen Tags, Vær først til at tagge denne postø!
Thư viện lưu trữ: Trung tâm Học liệu Trường Đại học Cần Thơ
LEADER 00849nam a2200205Ia 4500
001 CTU_110854
008 210402s9999 xx 000 0 und d
020 |c 27000 
082 |a 631 
082 |b B312 
100 |a Hà, Thị Thanh Bình 
245 0 |a Trồng trọt đại cương 
245 0 |c Hà Thị Thanh Bình (chủ biên) 
260 |a Hà Nội 
260 |b Nông nghiệp 
260 |c 2002 
520 |a Quyển giáo trình giới thiệu đại cương về cây trồng, khí hậu, đất trồng trọt, phân bón. Hệ thống cây trồng và luân canh, các cách chọn giống và phương pháp gieo trồng, phòng trừ dịch hại cây trồng 
650 |a Agriculture 
904 |i Minh 
980 |a Trung tâm Học liệu Trường Đại học Cần Thơ